Office 2016 for seniors for dummies (Record no. 17459)

MARC details
000 -LEADER
fixed length control field 00347nam a2200133Ia 4500
008 - FIXED-LENGTH DATA ELEMENTS--GENERAL INFORMATION
fixed length control field 230312s9999||||xx |||||||||||||| ||und||
020 ## - INTERNATIONAL STANDARD BOOK NUMBER
International Standard Book Number 9781305876026
082 ## - DEWEY DECIMAL CLASSIFICATION NUMBER
Classification number 005.5
Item number BES-M
100 ## - MAIN ENTRY--PERSONAL NAME
Personal name Wenpen,Faithe
245 #0 - TITLE STATEMENT
Title Office 2016 for seniors for dummies
260 ## - PUBLICATION, DISTRIBUTION, ETC.
Name of publisher, distributor, etc. Cengage
Place of publication, distribution, etc. USA
Date of publication, distribution, etc. 2017
650 ## - SUBJECT ADDED ENTRY--TOPICAL TERM
Topical term or geographic name entry element Computer
Form subdivision Computer Programs
942 ## - ADDED ENTRY ELEMENTS (KOHA)
Koha item type BOOK

No items available.

Powered by Koha